[Event "Bronshoj SenSommer A"]
[Site "Bronshoj"]
[Date "2020.10.01"]
[Round "6"]
[White "Petersen, Steen Brustrup"]
[Black "Moller, Arne Vagn"]
[Result "1-0"]
[WhiteElo "2077"]
[BlackElo "1903"]
[PlyCount "55"]
[EventDate "2020.08.13"]
[EventType "tourn"]
[EventRounds "7"]
[EventCountry "DEN"]
[SourceTitle "EXT 2024"]
[Source "ChessBase"]
[SourceDate "2023.10.10"]
[SourceVersion "1"]
[SourceVersionDate "2023.10.10"]
[SourceQuality "1"]

1. e4 c5 2. Nf3 d6 3. d4 cxd4 4. Nxd4 Nf6 5. Nc3 a6 6. Bg5 e6 7. f4 Be7 8. Qf3 Qc7 9. 0-0-0 Nbd7 10. Bd3 b5 11. Rhe1 Bb7 12. Qg3 b4 13. Nd5 Nxd5 14. exd5 Bxd5 15. Bxe7 Kxe7 16. Be4 Kf8 17. Bxd5 exd5 18. Qg5 Rc8 19. Qxd5 Nf6 20. Qf3 h5 21. Kb1 d5 22. Re5 a5 23. Qe2 a4 24. Qb5 Rb8 25. Qxa4 Rh6 26. Nc6 Ne4 27. Nxb8 Qxb8 28. Rexd5 1-0

[Event "Bronshoj Lang Weekend"]
[Site "Copenhagen"]
[Date "2018.02.17"]
[Round "5"]
[White "Sorensen, Reto Utiger"]
[Black "Moller, Arne Vagn"]
[Result "1-0"]
[WhiteElo "1950"]
[BlackElo "1902"]
[PlyCount "77"]
[EventDate "2018.02.15"]
[EventType "swiss"]
[EventRounds "7"]
[EventCountry "DEN"]
[SourceTitle "CBM 183 Extra"]
[Source "ChessBase"]
[SourceDate "2018.04.19"]
[SourceVersion "1"]
[SourceVersionDate "2018.04.19"]
[SourceQuality "1"]

1. c4 c5 2. g3 g6 3. Bg2 Bg7 4. Nc3 Nc6 5. Nf3 Nf6 6. d4 cxd4 7. Nxd4 0-0 8. 0-0 Nxd4 9. Qxd4 d6 10. Qd3 Nd7 11. Nd5 Ne5 12. Qb3 e6 13. Ne3 Qc7 14. Bd2 Nc6 15. Rac1 Bd7 16. Bc3 f6 17. Rfd1 Rad8 18. Rc2 Bc8 19. Qa3 Rf7 20. b3 Bf8 21. Qb2 Be7 22. Ng4 Kg7 23. Qc1 e5 24. Qh6+ Kh8 25. Ne3 Bf8 26. Qh4 Bg7 27. Rcd2 Ne7 28. Bb4 Nf5 29. Nxf5 Bxf5 30. Bxd6 Qc8 31. c5 Bg4 32. h3 Be6 33. Kh2 f5 34. Bxe5 Rxd2 35. Rxd2 Qxc5 36. Rd8+ Rf8 37. Bd6 Qxf2 38. Bxf8 Bxf8 39. Qf6+ 1-0

[Event "Helsingor Xtracon op"]
[Site "Helsingor"]
[Date "2016.07.24"]
[Round "2"]
[White "Yilmaz, Kazim"]
[Black "Moller, Arne Vagn"]
[Result "1/2-1/2"]
[WhiteElo "1542"]
[BlackElo "1843"]
[PlyCount "56"]
[EventDate "2016.07.23"]
[EventType "swiss"]
[EventRounds "10"]
[EventCountry "DEN"]
[SourceTitle "CBM 173 Extra"]
[Source "ChessBase"]
[SourceDate "2016.08.29"]
[SourceVersion "1"]
[SourceVersionDate "2016.08.29"]
[SourceQuality "1"]

1. e4 c5 2. Nc3 d6 3. Nf3 Nf6 4. Bc4 e6 5. 0-0 Be7 6. d3 0-0 7. Bg5 a6 8. a4 Nc6 9. Re1 Qc7 10. Qe2 Nd4 11. Nxd4 cxd4 12. Nd1 e5 13. c3 dxc3 14. Nxc3 Be6 15. b3 h6 16. Bxf6 Bxf6 17. Nd5 Bxd5 18. Bxd5 Rac8 19. b4 b6 20. b5 a5 21. Bc6 Qd8 22. Qg4 Bg5 23. g3 Bd2 24. Re2 Bb4 25. Rf1 Rc7 26. f4 Bc5+ 27. Kh1 f6 28. f5 Qe7 1/2-1/2

[Event "Helsingor Xtracon op"]
[Site "Helsingor"]
[Date "2016.07.23"]
[Round "1"]
[White "Moller, Arne Vagn"]
[Black "Petersen, Tom Petri"]
[Result "0-1"]
[WhiteElo "1843"]
[BlackElo "2346"]
[PlyCount "110"]
[EventDate "2016.07.23"]
[EventType "swiss"]
[EventRounds "10"]
[EventCountry "DEN"]
[SourceTitle "CBM 173 Extra"]
[Source "ChessBase"]
[SourceDate "2016.08.29"]
[SourceVersion "1"]
[SourceVersionDate "2016.08.29"]
[SourceQuality "1"]

1. e4 g6 2. d4 Bg7 3. Nc3 a6 4. Be3 d6 5. Bd3 Nd7 6. Nge2 b5 7. a3 c5 8. b3 Bb7 9. f3 Rc8 10. dxc5 dxc5 11. Rb1 Ba8 12. e5 Bxe5 13. Be4 Ngf6 14. Bxa8 Rxa8 15. Bh6 Qa5 16. b4 cxb4 17. axb4 Qc7 18. Nd5 Qc4 19. Nxf6+ Nxf6 20. Qd2 Rd8 21. Qe3 Rg8 22. Qxe5 Qh4+ 23. Ng3 Qxh6 24. 0-0 Qd2 25. c3 Qd5 26. Qe2 Qd3 27. Qe5 Kf8 28. Rfe1 Qd6 29. Qg5 Qd2 30. Qc5 Qd6 31. Qg5 Rg7 32. Rbd1 Qxd1 33. Rxd1 Rxd1+ 34. Kf2 Rg8 35. Qh6+ Ke8 36. Qf4 Rd6 37. Ne4 Nxe4+ 38. Qxe4 Kf8 39. c4 bxc4 40. Qxc4 h5 41. b5 axb5 42. Qxb5 Re6 43. h4 Kg7 44. Qg5 Rc8 45. Qd2 Rc4 46. Kg3 f6 47. Qd5 Rcc6 48. Qd3 Rcd6 49. Qc4 Re5 50. Qc7 Rd2 51. Qb7 g5 52. hxg5 Rxg5+ 53. Kf4 Re2 54. g3 Kh6 55. g4 h4 0-1

[Event "Copenhagen Bronshoj op"]
[Site "Copenhagen"]
[Date "2016.??.??"]
[Round "3"]
[White "Andersen, Rune"]
[Black "Moller, Arne Vagn"]
[Result "1/2-1/2"]
[WhiteElo "2149"]
[BlackElo "1853"]
[PlyCount "118"]
[EventDate "2016.02.12"]
[EventType "swiss"]
[EventRounds "7"]
[EventCountry "DEN"]
[SourceTitle "CBM 170 Extra"]
[Source "ChessBase"]
[SourceDate "2016.02.25"]
[SourceVersion "1"]
[SourceVersionDate "2016.02.25"]
[SourceQuality "1"]

1. d4 Nf6 2. c4 e6 3. Nc3 Bb4 4. f3 0-0 5. e4 d6 6. a3 Bxc3+ 7. bxc3 h6 8. f4 Nxe4 9. Nf3 b6 10. Bd3 Bb7 11. 0-0 Nd7 12. Qc2 f5 13. Nd2 Ndf6 14. a4 a5 15. Ba3 Re8 16. Rae1 Rb8 17. h3 Qd7 18. Bb2 Nxd2 19. Qxd2 Qxa4 20. d5 exd5 21. cxd5 Bxd5 22. c4 Be4 23. Bxf6 gxf6 24. Bxe4 Rxe4 25. Qd5+ Kg7 26. Rxe4 fxe4 27. f5 Qd7 28. Rf4 c6 29. Qxe4 Rg8 30. Qe3 Kf8 31. Qxb6 a4 32. Qa5 Rg5 33. c5 d5 34. Qxa4 h5 35. Qa1 Qe7 36. Kh1 Qe5 37. Qf1 d4 38. Qf2 d3 39. Rf3 Qd5 40. Qd2 Qxc5 41. Rxd3 Qxf5 42. Qb4+ c5 43. Qb8+ Kg7 44. Qb7+ Kg6 45. Rf3 Qc2 46. Rf1 Qd3 47. Rf2 Rf5 48. Rxf5 Qxf5 49. Qb8 Qe6 50. Qg3+ Kf7 51. Qc7+ Qe7 52. Qc6 Qe1+ 53. Kh2 Qe5+ 54. Kh1 h4 55. Qd7+ Kg6 56. Qg4+ Qg5 57. Qe4+ Kh6 58. Qc4 Kg7 59. Qe4 Kh6 1/2-1/2

[Event "Copenhagen Bronshoj op"]
[Site "Copenhagen"]
[Date "2016.??.??"]
[Round "1"]
[White "Eriksson, Christian Altenburg"]
[Black "Moller, Arne Vagn"]
[Result "1-0"]
[WhiteElo "2182"]
[BlackElo "1853"]
[PlyCount "99"]
[EventDate "2016.02.12"]
[EventType "swiss"]
[EventRounds "7"]
[EventCountry "DEN"]
[SourceTitle "CBM 170 Extra"]
[Source "ChessBase"]
[SourceDate "2016.02.25"]
[SourceVersion "1"]
[SourceVersionDate "2016.02.25"]
[SourceQuality "1"]

1. e4 c5 2. c3 d5 3. exd5 Qxd5 4. d4 e6 5. Nf3 Nc6 6. Na3 cxd4 7. Nb5 Bd6 8. Be2 Bb8 9. cxd4 a6 10. Nc3 Qd8 11. Bg5 Nge7 12. 0-0 f6 13. Be3 0-0 14. Rc1 Nd5 15. Bc4 Nce7 16. Bb3 Kh8 17. Re1 b5 18. Ne4 Nf5 19. Nc5 Nfxe3 20. fxe3 f5 21. Qd3 Rf6 22. Ne5 Ra7 23. g3 Rh6 24. Nc6 Qd6 25. Nxb8 Qxb8 26. e4 Nf4 27. gxf4 Qxf4 28. Rc2 Rc7 29. Rg2 Qd6 30. Qd2 e5 31. exf5 Re7 32. Ne4 Qxd4+ 33. Qxd4 exd4 34. f6 Rxf6 35. Nxf6 Rxe1+ 36. Kf2 Rb1 37. Nd5 Rxb2+ 38. Kg3 Rb1 39. Rd2 Rg1+ 40. Kf4 g5+ 41. Ke5 h5 42. Nf6 Re1+ 43. Kxd4 h4 44. Rg2 Rf1 45. Rxg5 Rxf6 46. Rg8+ Kh7 47. Rxc8 Kg6 48. Rg8+ Kf5 49. Ke3 Rb6 50. Bc2+ 1-0

[Event "Copenhagen Bronshoj op"]
[Site "Copenhagen"]
[Date "2016.??.??"]
[Round "7"]
[White "Kristensen, Lars Ostergaard"]
[Black "Moller, Arne Vagn"]
[Result "1/2-1/2"]
[WhiteElo "1682"]
[BlackElo "1853"]
[PlyCount "64"]
[EventDate "2016.02.12"]
[EventType "swiss"]
[EventRounds "7"]
[EventCountry "DEN"]
[SourceTitle "CBM 170 Extra"]
[Source "ChessBase"]
[SourceDate "2016.02.25"]
[SourceVersion "1"]
[SourceVersionDate "2016.02.25"]
[SourceQuality "1"]

1. d4 Nf6 2. c4 e6 3. Nc3 Bb4 4. e3 0-0 5. Nge2 b6 6. a3 Bxc3+ 7. Nxc3 Bb7 8. f3 d5 9. cxd5 exd5 10. Qc2 c5 11. dxc5 bxc5 12. Ne2 Nbd7 13. Ng3 Rc8 14. Bd3 c4 15. Bf5 Rc7 16. 0-0 g6 17. Bxd7 Qxd7 18. Bd2 d4 19. exd4 Qxd4+ 20. Kh1 Qd3 21. Rac1 Rfc8 22. Rfd1 Qxc2 23. Rxc2 Rd7 24. Kg1 Rcd8 25. Nf1 Bc6 26. Rdc1 Bb5 27. Bg5 Kg7 28. Bxf6+ Kxf6 29. Ne3 Rd2 30. Nxc4 Bxc4 31. Rxc4 Rxb2 32. R4c2 Rxc2 1/2-1/2

[Event "Amager-ch"]
[Site "Amager"]
[Date "2015.10.20"]
[Round "7"]
[White "Hellegaard, Dennis"]
[Black "Moller, Arne Vagn"]
[Result "1-0"]
[WhiteElo "1859"]
[BlackElo "1738"]
[PlyCount "106"]
[EventDate "2015.08.18"]
[EventType "swiss"]
[EventRounds "7"]
[EventCountry "DEN"]
[SourceTitle "EXT 2023"]
[Source "ChessBase"]
[SourceDate "2022.10.05"]
[SourceVersion "1"]
[SourceVersionDate "2022.10.05"]
[SourceQuality "1"]

1. d4 Nf6 2. c4 e6 3. Nc3 Bb4 4. e3 0-0 5. Nge2 b6 6. a3 Bxc3+ 7. Nxc3 Bb7 8. Qc2 d5 9. cxd5 exd5 10. b4 c6 11. Bd3 Re8 12. 0-0 Nbd7 13. Bb2 Nf8 14. a4 a5 15. b5 c5 16. dxc5 bxc5 17. Rfd1 Qb6 18. Rac1 Rac8 19. Ne2 Ng6 20. Bf5 Rc7 21. Bxg6 hxg6 22. Nf4 g5 23. Nd3 Rec8 24. Qe2 c4 25. Ne5 c3 26. Ba3 Qe6 27. Nf3 Ne4 28. Nd4 Qg6 29. Qd3 Qf6 30. f3 Nc5 31. Qc2 Nd7 32. Nf5 Nb6 33. Nd6 Rb8 34. Rd3 Nc4 35. Nxc4 Rxc4 36. Rxc3 Rbc8 37. Bb2 Qe6 38. Qd2 g4 39. Rxc4 dxc4 40. Qd4 f6 41. fxg4 Qe7 42. Rxc4 Rd8 43. Qc3 Qe6 44. Rd4 Rxd4 45. Qxd4 Qb3 46. Qd2 Qxa4 47. g5 Qxb5 48. gxf6 gxf6 49. Qd8+ Kh7 50. Qe7+ Kh6 51. Qxf6+ Kh5 52. Qf7+ Kg5 53. Bf6+ Kf5 1-0

[Event "Amager-ch"]
[Site "Amager"]
[Date "2015.08.25"]
[Round "2"]
[White "Goschal, Theodor B"]
[Black "Moller, Arne Vagn"]
[Result "0-1"]
[WhiteElo "1095"]
[BlackElo "1738"]
[PlyCount "62"]
[EventDate "2015.08.18"]
[EventType "swiss"]
[EventRounds "7"]
[EventCountry "DEN"]
[SourceTitle "EXT 2023"]
[Source "ChessBase"]
[SourceDate "2022.10.05"]
[SourceVersion "1"]
[SourceVersionDate "2022.10.05"]
[SourceQuality "1"]

1. Nf3 Nf6 2. g3 c6 3. Bg2 g6 4. 0-0 Bg7 5. d4 0-0 6. Nbd2 d5 7. c3 Nbd7 8. Re1 e6 9. e4 dxe4 10. Nxe4 Nxe4 11. Rxe4 Nf6 12. Re1 Nd7 13. Bg5 f6 14. Be3 Nb6 15. Qc1 Nc4 16. b3 Nxe3 17. fxe3 Bd7 18. e4 e5 19. dxe5 fxe5 20. c4 Bg4 21. Rf1 Qe7 22. Qc3 Rad8 23. Rad1 Qc5+ 24. Kh1 Bxf3 25. Rxf3 Rxd1+ 26. Rf1 Rdxf1+ 27. Bxf1 Rxf1+ 28. Kg2 Qf2+ 29. Kh3 Rh1 30. Qd3 Qxh2+ 31. Kg4 Qh5# 0-1